[Event "ICS Rated blitz match"]
[Site "204.178.125.65"]
[Date "1999.09.27"]
[Round "?"]
[White "Zippy"]
[Black "Hossa"]
[Result "0-1"]
[WhiteElo "2235"]
[BlackElo "2450"]
[PlyCount "168"]
[EventDate "1999.??.??"]

1. e4 e6 2. d4 d5 3. Nc3 Bb4 4. e5 c5 5. a3 Ba5 6. Qg4 Kf8 7. Nf3 Nc6 8. Bg5 f6
9. Bd2 cxd4 10. Nxd4 fxe5 11. Nxc6 bxc6 12. O-O-O Nf6 13. Qa4 Kf7 14. b4 Bc7
15. Qxc6 Bd7 16. Qa6 Rc8 17. f3 Bb8 18. h4 Re8 19. Bd3 Rc6 20. Qa5 Qxa5 21.
bxa5 Rec8 22. Ne4 dxe4 23. fxe4 Rxc2+ 24. Bxc2 Ba4 25. Bb4 Bxc2 26. Rd2 Bxe4+
27. Kb2 Bd5 28. Rc1 Rxc1 29. Kxc1 e4 30. Kd1 Bf4 31. Rb2 Be5 32. Rb1 Bg3 33.
Be1 Bf4 34. g3 Be3 35. Ke2 Ng4 36. Bd2 Bc4+ 37. Kd1 Nf2+ 38. Ke1 Bd4 39. Rb7+
Kf6 40. Bg5+ Kg6 41. Rd7 Bc5 42. Rc7 Bb5 43. Be7 Bd4 44. a4 Nd3+ 45. Kf1 Ba6
46. Ke2 Ne5+ 47. Kd1 e3 48. Rc2 e2+ 49. Rxe2 Bxe2+ 50. Kxe2 Nc6 51. Bd6 Nxa5
52. Kd3 Bf2 53. Ke4 Nc4 54. Bc7 a6 55. Kd3 Nb2+ 56. Ke2 Bd4 57. a5 Bc3 58. Kf3
Nc4 59. Ke4 Bxa5 60. Bxa5 Nxa5 61. Kf4 Nc6 62. Ke4 Kh5 63. Kf4 a5 64. Ke3 Kg4
65. Kd3 Nb4+ 66. Kc4 h5 67. Kb5 Kxg3 68. Kxa5 Kxh4 69. Kxb4 g5 70. Kc5 g4 71.
Kd4 g3 72. Ke3 g2 73. Kf2 g1=Q+ 74. Kxg1 Kg3 75. Kf1 h4 76. Kg1 h3 77. Kh1 e5
78. Kg1 e4 79. Kf1 h2 80. Ke2 h1=Q 81. Kd2 Qb1 82. Ke2 Qc2+ 83. Ke1 Kf3 84. Kf1
84... Qc1# {Zippy checkmated} 0-1

[Event "ICS Rated blitz match"]
[Site "204.178.125.65"]
[Date "1999.08.27"]
[Round "?"]
[White "Zippy"]
[Black "Hossa"]
[Result "1-0"]
[WhiteElo "2315"]
[BlackElo "2323"]
[Annotator "Fritz 5.32 (22s)"]
[PlyCount "125"]
[EventDate "1999.??.??"]

1. c4 e5 2. g3 Bc5 3. Nc3 Nf6 4. Bg2 d6 5. Na4 $146 (5. d3 Nc6 (5... h6 6. Nf3
O-O 7. Bd2 a6 8. a3 Ba7 9. Qc1 Ng4 10. Nd1 f5 11. h3 Nf6 12. Nh4 Kh7 13. Ne3 g6
14. Nc2 Ng8 15. Nf3 Nc6 16. e4 Be6 17. Bxh6 fxe4 18. Ng5+ Kh8 19. Nxe6 Bxf2+
20. Kd1 {Grob,H-Staldi,C/Stuttgart 1939/HCL/1-0 (40)}) 6. Nf3 Be6 7. O-O Qd7 8.
Re1 O-O-O 9. a3 Bh3 10. Bh1 Qf5 11. b4 Bb6 12. e4 Ng4 13. c5 Qh5 14. cxb6 axb6
15. Be3 Nh6 16. Bg2 Ng4 17. Bh1 Rdf8 18. b5 Ne7 19. a4 19... Ng6 {
Burisch,C-Maedel,K/Osnabrueck 1994/Juniors/1-0 (35)}) (5. e3 a6 6. d4 Ba7 7.
dxe5 dxe5 8. Qxd8+ Kxd8 9. Nf3 Re8 10. b3 Nbd7 11. Bb2 c6 12. O-O Kc7 13. Rfd1
h6 14. b4 Nb6 15. Nd2 Bg4 16. f3 Bh5 17. c5 Nbd5 18. Nc4 Nxb4 19. Na4 19... Nd7
{Kosten,A-Ledger,A/Isle of Man 1997/EXT 99/1-0 (36)}) 5... Na6 6. Nxc5 Nxc5 7.
d4 (7. d3 7... O-O $11) 7... exd4 8. Nf3 Be6 (8... d3 9. exd3 Qe7+ 10. Kf1 $11)
9. b4 Nce4 ({Schwaecher scheint} 9... Bxc4 10. Qxd4 (10. bxc5 $143 10... dxc5
11. Qc2 11... Qd5 $14) 10... Bxe2 11. bxc5 $16) 10. Ng5 d5 11. Qxd4 11... O-O
$14 (11... Qe7 12. a3 $11) 12. O-O (12. Nxe4 dxe4 13. Qc3 13... c6 $14) 12...
c6 (12... Re8 13. Rd1 $14) 13. Bxe4 $11 (13. Nxe6 fxe6 14. c5 14... Ne8 $16)
13... Nxe4 14. Nxe4 dxe4 15. Qxe4 Re8 16. Re1 Bh3 17. Qc2 Qe7 (17... Qd4 18.
Ba3 $14) 18. Bd2 c5 19. Rab1 cxb4 20. Bxb4 Qe6 21. e4 21... Rac8 {
Greift den Isolani c4 an} 22. c5 Rc6 23. Re3 Rc7 24. Qa4 24... b6 {
Verwehrt dem Gegner a5} 25. cxb6 25... axb6 {Befestigt a5+c5.} 26. Rd1 Rcc8 27.
Qb3 Qf6 28. f3 Be6 29. Qb1 29... Qh6 {Droht Matt: Qxe3} 30. Ra3 Bh3 31. Kh1 (
31. Rad3 31... Be6 $16) 31... Rc6 32. Rad3 Rcc8 (32... Be6 33. Bc3 Bc4 34. Rd8
$16) 33. Qb2 33... Qg5 $18 (33... Be6 34. a3 $16) 34. g4 $16 (34. Bd2 Qg6 35.
Bf4 35... Qc6 $18) 34... Qh6 $18 (34... h5 35. gxh5 Qxh5 36. Rg1 $18) 35. Rd7
$14 (35. a3 $5 $18 $142) 35... Qf4 36. Qe2 Kh8 (36... h5 37. Bd2 Qe5 38. Rd3
$14) 37. a3 37... Rg8 $18 (37... h5 38. Bd2 Qe5 39. Rxf7 hxg4 40. Qf2 $16) 38.
Bd6 Qf6 39. Bc7 Qc6 40. Bd8 b5 41. Bg5 f6 42. Bf4 Ra8 43. Rc7 Qb6 44. Qe1 44...
Ra7 $2 $18 (44... Rgd8 $142 45. Rcc1 g5 (45... Rxa3 $2 {wird widerlegt durch}
46. Qf2 Qa5 47. Qg3 $18) 46. Rxd8+ 46... Qxd8 $18) 45. Rcc1 (45. Qg3 Bxg4 46.
fxg4 Rxc7 47. Bxc7 47... Qc6 $18) 45... Bxg4 {Droht Matt} 46. fxg4 Rxa3 47. Rd6
Qb7 48. Rd5 Rf3 (48... Re8 49. Qe2 Ra4 50. Rxb5 Qxe4+ 51. Qxe4 Raxe4 52. Rf1
$18) 49. Rc7 Qb6 50. Bg3 b4 51. Rdd7 (51. Kg2 51... Ra3 $18) 51... b3 52. Rb7
Qe6 53. g5 {Die Partie wird im Koenigsangriff beendet} (53. Kg2 Qxg4 54. Qd1
Rf4 55. Qxg4 55... Rxg4 $18) 53... Qh3 (53... fxg5 54. Kg2 Rff8 55. Rd3 $18)
54. Kg1 fxg5 (54... b2 55. Re7 $18) 55. Be5 (55. Rxg7 Rgf8 56. Rxh7+ Qxh7 57.
Be5+ (57. Rxh7+ $6 57... Kxh7 58. Kg2 58... Kg6 $18) 57... Kg8 58. Rxh7 Kxh7
59. Kg2 $18) 55... Qg4+ 56. Kh1 {Mit der Mattdrohung Bxg7} 56... Qh3 $4 {
ein Fehler in schlechter Stellung} (56... Rff8 $18 $142) 57. Bxg7+ 57... Rxg7 {
Es droht Matt} 58. Rb8+ Rg8 59. Qa1+ b2 60. Qxb2+ Rc3 61. Rxg8+ Kxg8 62. Qb8+
62... Rc8 $5 63. Qxc8# 1-0

[Event "ICS Rated blitz match"]
[Site "204.178.125.65"]
[Date "1999.09.29"]
[Round "?"]
[White "Zippy"]
[Black "Hossa"]
[Result "1/2-1/2"]
[WhiteElo "2341"]
[BlackElo "2487"]
[PlyCount "191"]
[EventDate "1999.??.??"]

1. e4 e6 2. d4 d5 3. Nd2 c5 4. exd5 Qxd5 5. Ngf3 cxd4 6. Bc4 Qc5 7. O-O Nc6 8.
Qe2 Qb6 9. Rd1 Bc5 10. Nb3 Nge7 11. Bb5 O-O 12. Bxc6 Nxc6 13. Bf4 Rd8 14. Rd3
Rd5 15. Qe4 Qb5 16. a4 Qc4 17. Rc3 Qb4 18. Rxc5 Rxc5 19. Nxc5 Qxc5 20. Rd1 Qh5
21. Bd6 f6 22. g4 Qd5 23. Qxd5 exd5 24. h3 h5 25. gxh5 Bxh3 26. Nxd4 Bg4 27.
Rd3 Bxh5 28. Nf5 Bf7 29. c3 Re8 30. Kg2 Re4 31. Rg3 g5 32. Rd3 Be6 33. Nd4 Nxd4
34. Rxd4 Rxd4 35. cxd4 Bf5 36. Bb8 a6 37. Kf3 Bc2 38. a5 Be4+ 39. Kg4 Kg7 40.
f4 Kg6 41. fxg5 fxg5 42. Be5 Bc2 43. Kf3 Bd1+ 44. Ke3 Kf5 45. b4 g4 46. Kd3 Kg5
47. Ke3 Kh4 48. Kf2 Kh3 49. Bf4 Ba4 50. Bc7 Bb5 51. Bd6 Bd3 52. Be5 Be4 53. Bd6
Bf3 54. Bg3 Be2 55. Bc7 Bc4 56. Bg3 Ba2 57. Bc7 Bb3 58. Bd6 Bc2 59. Bg3 Bf5 60.
Bd6 Be4 61. Bg3 Bc2 62. Bd6 Bb3 63. Bc7 Ba4 64. Bg3 Be8 65. Bd6 Bb5 66. Bc7 Bd7
67. Bd6 Bf5 68. Bg3 Be6 69. Bd6 Bf7 70. Be5 Bg6 71. Bd6 Be8 72. Bg3 Bc6 73. Bd6
Bd7 74. Bg3 Bc8 75. Bd6 Be6 76. Bg3 Bg8 77. Bd6 Bh7 78. Bg3 Bb1 79. Bd6 Kh4 80.
Be7+ Kh5 81. Kg3 Bd3 82. Kf4 Bc2 83. Bd8 Bb1 84. Be7 Bh7 85. Bf6 Be4 86. Be7
Bd3 87. Bd8 Bb5 88. Be7 Be2 89. Ke3 Bd1 90. Kf4 Bb3 91. Bf6 Bc4 92. Be7 Bb5 93.
Bd8 Be2 94. Bc7 Bf3 95. Bb6 Kh4 96. Bc5 {Game drawn by the 50 move rule}
1/2-1/2

[Event "ICS Rated blitz match"]
[Site "204.178.125.65"]
[Date "1999.10.05"]
[Round "?"]
[White "Zippy"]
[Black "Hossa"]
[Result "1-0"]
[WhiteElo "2226"]
[BlackElo "2489"]
[PlyCount "173"]
[EventDate "1999.??.??"]

1. e4 c5 2. Nf3 e6 3. d4 cxd4 4. Nxd4 a6 5. Bd3 Qc7 6. Nf3 d5 7. exd5 exd5 8.
O-O Nc6 9. Nc3 Qd8 10. Re1+ Be7 11. Bg5 Bg4 12. h3 Bh5 13. Bf4 Nf6 14. a4 O-O
15. Qe2 Bb4 16. Red1 Re8 17. Qf1 Bxf3 18. gxf3 Bxc3 19. bxc3 Nh5 20. Be3 Qe7
21. Qg2 Rad8 22. Rab1 Ne5 23. f4 Nc6 24. Rb3 Nf6 25. Rdb1 Na5 26. Rb4 Rd7 27.
Bf5 Rc7 28. Bb6 Nc6 29. R4b3 Nd8 30. Bxc7 Qxc7 31. Qg5 h6 32. Qh4 Qa5 33. Rb6
Qxc3 34. Qg3 Re1+ 35. Kg2 Qa5 36. Rxe1 Qxb6 37. Qe3 Qb4 38. Qe8+ Qf8 39. Qe7
Qxe7 40. Rxe7 Kf8 41. Rc7 Nh5 42. Kf3 Nf6 43. Bc8 a5 44. Bxb7 Ne6 45. Rc8+ Ke7
46. c3 Kd7 47. Ra8 Kc7 48. Bc8 Nd8 49. Bf5 Nc6 50. Rf8 Nd8 51. Ke3 h5 52. Kf3
h4 53. Bd3 Nd7 54. Rh8 Nc5 55. Bc2 Nd7 56. Rxh4 Nf6 57. Rh8 Kd7 58. Bf5+ Ke7
59. Ke3 Nc6 60. Bd3 d4+ 61. cxd4 Nd5+ 62. Kf3 Ndb4 63. Bc4 Nxd4+ 64. Ke4 Ne6
65. Rh5 Nc6 66. f5 Ned8 67. h4 Kf6 68. Bd5 Nb4 69. f4 Na6 70. Rh8 Ke7 71. Rg8
Nc5+ 72. Kd4 Nxa4 73. Rxg7 Nb6 74. Bg2 Kf8 75. Rg3 Nc8 76. Ra3 Ne7 77. Be4 Kg7
78. Kc5 Kh6 79. Rd3 Ndc6 80. f6 Ng6 81. Kxc6 Nxf4 82. Rd7 Ng6 83. Kb5 Kh5 84.
Rxf7 Nxh4 85. Rh7+ Kg4 86. f7 Ng6 87. Bxg6 {Hossa resigns} 1-0

[Event "ICS Rated blitz match"]
[Site "204.178.125.65"]
[Date "1999.10.12"]
[Round "?"]
[White "Zippy"]
[Black "Hossa"]
[Result "1-0"]
[WhiteElo "2252"]
[BlackElo "2388"]
[PlyCount "145"]
[EventDate "1999.??.??"]

1. Nf3 Nf6 2. c4 e6 3. g3 c5 4. Bg2 d5 5. O-O Nc6 6. cxd5 exd5 7. d4 cxd4 8.
Nxd4 Be7 9. e3 O-O 10. Nc3 Re8 11. Qa4 Na5 12. Nxd5 Nxd5 13. Bxd5 Bh3 14. Bg2
Bxg2 15. Kxg2 Rc8 16. Nf5 Nc6 17. Qg4 Qd5+ 18. e4 Qe5 19. Rd1 Rcd8 20. Rxd8
Rxd8 21. Be3 Bf6 22. Rb1 Kh8 23. a4 Qe6 24. b4 Qc4 25. h4 Ne5 26. Qf4 Nd3 27.
Qg4 Qc2 28. Rh1 Ne5 29. Qf4 Ng6 30. Qf3 Qxa4 31. Rb1 Ne5 32. Qe2 Nc6 33. Qc4
Kg8 34. Bc5 b6 35. Be3 Ne5 36. Qc7 Nc6 37. Bf4 Qc2 38. Re1 Nxb4 39. Ne7+ Bxe7
40. Qxe7 Nc6 41. Qc7 Re8 42. Qd7 Ra8 43. Qf5 a6 44. Rc1 Qa4 45. Qd5 Rc8 46. Rc4
Qb5 47. Qd7 Rf8 48. Qxc6 Qb2 49. Bd6 g6 50. Qc8 Qg7 51. Qxa6 Qf6 52. Bxf8 Kxf8
53. Rb4 Qe7 54. Qxb6 h5 55. Ra4 Kg7 56. Qd4+ Qf6 57. Qxf6+ Kxf6 58. f4 Ke7 59.
Ra7+ Kf8 60. e5 Kg8 61. Kf3 Kf8 62. g4 Ke8 63. gxh5 gxh5 64. Ke4 Kf8 65. f5 Kg7
66. Ra8 Kh6 67. e6 fxe6 68. fxe6 Kg6 69. e7 Kh7 70. e8=Q Kh6 71. Qe6+ Kh7 72.
Ra7+ Kh8 73. Qe8# {Hossa checkmated} 1-0

[Event "ICS Rated blitz match"]
[Site "204.178.125.65"]
[Date "1999.08.27"]
[Round "?"]
[White "Zippy"]
[Black "Hossa"]
[Result "1-0"]
[WhiteElo "2346"]
[BlackElo "2292"]
[Annotator "Fritz 5.32 (22s)"]
[PlyCount "131"]
[EventDate "1999.??.??"]

1. e4 e5 2. Nf3 Nf6 3. Nxe5 Nxe4 4. Qe2 d5 5. d3 Qe7 6. dxe4 Qxe5 7. exd5 Bd6
8. Qxe5+ Bxe5 9. Bd3 $146 (9. c4 Na6 10. f4 Bf6 11. Na3 Bf5 12. Be2 O-O 13. O-O
Rfe8 14. Bf3 Bd3 15. Rd1 Nc5 16. Nb5 Re7 17. Bd2 Bxc4 18. Bb4 Bxb5 19. Bxc5
Ree8 20. Bd4 Be2 21. Bxe2 Rxe2 22. Bxf6 gxf6 23. Rac1 Rc8 24. b4 Rb2 25. d6 c6
26. Rc4 Rd8 27. a3 a6 28. Re4 Kf8 29. Re3 a5 30. bxa5 Rb5 31. a6 bxa6 32. Rc3 {
- Kaiev,L-Gerstenfeld,E/Kiev 1940/HCL (32)}) 9... O-O 10. O-O Re8 11. Nd2 Nd7
12. Nc4 Nc5 13. Nxe5 {Weiss geht zum Angriff ueber} 13... Rxe5 14. Bc4 Bf5 15.
Be3 Na4 16. Bb3 Re4 (16... Nxb2 $2 {uebersieht} 17. Rfb1 $18) 17. Bxa4 Rxa4 18.
b3 Re4 19. c4 h5 20. a3 20... b6 $16 {Ueberdeckt c5} (20... a5 21. Rab1 $14)
21. g3 Rae8 22. h4 a5 23. Rac1 {Ermoeglicht auch c5} 23... R4e5 24. Kh2 f6 25.
Bf4 R5e7 26. c5 Kf7 27. d6 cxd6 28. cxb6 Rb7 29. Rc7+ Rxc7 30. bxc7 30... d5 {
Der Freibauer c7 fuehrt schnell zu Drohungen} 31. Kg2 d4 32. Bd2 Re5 33. Rc1
Bc8 34. Rc4 Rd5 35. Kf3 Rb5 (35... Ke6 36. Ke4 $18) 36. b4 (36. Ke4 $5 36...
Rxb3 37. a4 37... d3 $18) 36... Rf5+ (36... Re5 37. Rxd4 (37. bxa5 $4 {
den sollte Weiss lieber stehen lassen} 37... Bb7+ 38. Rc6 Bxc6+ 39. Kf4 Re4+
40. Kf3 Re3+ 41. Kf4 Rf3#) 37... Bb7+ 38. Kf4 $18) 37. Ke4 Rxf2 38. Rxd4 Bb7+
39. Kd3 Rf3+ 40. Kc4 Rxg3 (40... Rxa3 41. Kc5 axb4 42. Rxb4 $18 (42. Bxb4 $6
42... Rxg3 43. Rd8 43... Rg4 $16) (42. Kxb4 $6 42... Rxg3 43. Rd8 43... g5 $14)
) 41. Kc5 (41. Rd8 axb4 42. axb4 42... g5 $18) 41... Rxa3 42. Kb6 (42. b5 {
und Weiss haette es noch leichter} 42... Ra2 43. Rd8 g5 44. hxg5 44... a4 $18)
42... Bc8 43. Rd8 Bf5 44. bxa5 {
Der Freibauer a5 wird schnell zu einer gefaehrlichen Waffe} 44... Rb3+ 45. Kc5
(45. Kc6 45... Ke7 $18) 45... Rb2 46. a6 Rc2+ 47. Kb6 Rb2+ 48. Ka5 Ra2+ 49. Kb5
Bg4 50. Be3 (50. Ba5 Be2+ 51. Kc6 Rc2+ (51... Bxa6 $4 {
Schwarz schlaegt einen vergifteten Bauern} 52. Kb6 $18) 52. Kb7 Rb2+ 53. Bb6
Bf3+ 54. Ka7 54... Bg4 $18) 50... Rb2+ $4 {
Schwarz zeigt sich dem Druck nicht mehr gewachsen} (50... Be2+ $142 51. Kc5
51... Bxa6 $18) 51. Kc6 Rb3 (51... Rc2+ 52. Bc5 g5 53. hxg5 Bf3+ 54. Rd5 $18)
52. Bd4 Ra3 53. a7 {Weiss erhaelt Koenigsangriff} 53... g5 54. Rf8+ $1 {
ein unangenehmes Schach} 54... Kg7 55. Rxf6 $1 {die Entscheidung} 55... Kg8 56.
hxg5 {g5 setzt sich schnell in Bewegung} (56. Rf8+ $1 {
laesst dem Gegner kaum Chancen} 56... Kxf8 57. Bc5+ Kf7 58. Bxa3 58... gxh4 $18
) 56... Ra4 57. Kb7 h4 (57... Rb4+ 58. Rb6 $1 {entscheidend} 58... Ra4 59. Ra6
Bc8+ 60. Kxc8 Rxa6 61. Kd8 Kf7 62. c8=Q Rd6+ 63. Kc7 Rc6+ 64. Kxc6 Kg6 65. a8=Q
h4 66. Qe6+ Kxg5 67. Qag8+ Kf4 68. Qgg4#) 58. a8=R+ Rxa8 59. Kxa8 {Droht Matt}
59... Bc8 60. Rh6 {Mit der Mattdrohung Kb8} 60... Bg4 (60... Kf7 {
hilft allerdings auch nicht} 61. g6+ Ke6 62. g7+ Kd5 63. g8=Q+ Kxd4 64. Rxh4+
Ke5 65. Qg5+ Kd6 66. Rh6+ Kxc7 67. Qe7+ Bd7 68. Qd6+ Kc8 69. Qb8#) 61. Rxh4
Bf3+ (61... Bc8 {macht keinen grossen Unterschied} 62. g6 $1 {die Entscheidung}
62... Kf8 63. Bf6 Ke8 64. Rd4 Bd7 65. c8=Q+ Bxc8 66. Rd8#) 62. Kb8 Bg2 (62...
Bg4 {kann das Vorangegangene nicht ungeschehen machen} 63. Rxg4 Kf8 64. c8=Q+
Kf7 65. g6+ Ke7 66. Re4+ Kd6 67. Qe6#) 63. c8=Q+ Kf7 64. Qf5+ Ke8 (64... Ke7 {
hilft auch nicht mehr} 65. Rh7+ Kd6 66. Qd7#) 65. Qe6+ Kd8 66. Bf6# (66. Rh8#)
1-0

[Event "ICS Rated blitz match"]
[Site "204.178.125.65"]
[Date "1999.10.12"]
[Round "?"]
[White "aviv2000"]
[Black "Hossa"]
[Result "1-0"]
[WhiteElo "2107"]
[BlackElo "2397"]
[PlyCount "55"]
[EventDate "1999.??.??"]

1. e4 c5 2. Nc3 Nc6 3. g3 e5 4. Bg2 Nf6 5. d3 Be7 6. Be3 O-O 7. h3 b5 8. Qd2
Rb8 9. f4 Nh5 10. Nce2 exf4 11. Nxf4 Nxg3 12. Rh2 f5 13. O-O-O fxe4 14. Bxe4
Nxe4 15. dxe4 Nb4 16. a3 Na6 17. Nf3 b4 18. a4 b3 19. Rg2 bxc2 20. Rdg1 Kh8 21.
Nd5 Rxf3 22. Rxg7 Bf6 23. Nxf6 Rxf6 24. Qg2 Rf1+ 25. Qxf1 Rxb2 26. Rg8+ Qxg8
27. Qf6+ Qg7 28. Qxg7# {Hossa checkmated} 1-0

[Event "ICS Rated blitz match"]
[Site "204.178.125.65"]
[Date "1999.09.28"]
[Round "?"]
[White "blunite"]
[Black "Hossa"]
[Result "1/2-1/2"]
[WhiteElo "2115"]
[BlackElo "2439"]
[PlyCount "88"]
[EventDate "1999.??.??"]

1. d4 Nf6 2. Nf3 g6 3. c4 Bg7 4. Nc3 O-O 5. e4 d6 6. Be2 Na6 7. O-O e5 8. d5
Nc5 9. Nd2 c6 10. b4 Ncd7 11. Rb1 a5 12. a3 cxd5 13. cxd5 Ne8 14. Nc4 f5 15. f3
fxe4 16. fxe4 Rxf1+ 17. Qxf1 axb4 18. axb4 Nb6 19. Be3 Nxc4 20. Bxc4 Nf6 21. h3
Bd7 22. b5 Qa5 23. Rb3 Rf8 24. Qc1 Rf7 25. Be2 Qd8 26. Rb1 Ne8 27. b6 Qh4 28.
Qe1 Qe7 29. Ra1 Qd8 30. Ra7 Bc8 31. Ra8 Nf6 32. Kh2 Rf8 33. Qc1 Kh8 34. Qc2 Qe7
35. Nb5 Bd7 36. Rxf8+ Qxf8 37. Nc7 Qc8 38. Bg5 h6 39. Be3 Kg8 40. Bf3 Kh8 41.
Qc1 Ng8 42. Qd1 Nf6 43. Qc1 Ng8 44. Qd1 44... Nf6 {
Game drawn by mutual agreement} 1/2-1/2

[Event "ICS Rated blitz match"]
[Site "204.178.125.65"]
[Date "1999.09.03"]
[Round "?"]
[White "brutus"]
[Black "Hossa"]
[Result "0-1"]
[WhiteElo "2092"]
[BlackElo "2560"]
[PlyCount "36"]
[EventDate "1999.??.??"]

1. e4 c5 2. Nf3 d6 3. d4 Nf6 4. Nc3 cxd4 5. Nxd4 a6 6. Be3 e5 7. Nb3 Be6 8. Qd2
Be7 9. f3 O-O 10. O-O-O Nc6 11. g4 Rc8 12. g5 Nd7 13. h4 Bxb3 14. axb3 Qa5 15.
Kb1 Nb4 16. Bd3 f6 17. Kc1 Qa1+ 18. Nb1 18... Na2# {brutus checkmated} 0-1

[Event "ICS Rated blitz match"]
[Site "204.178.125.65"]
[Date "1999.09.22"]
[Round "?"]
[White "deli"]
[Black "Hossa"]
[Result "1-0"]
[WhiteElo "1767"]
[BlackElo "2031"]
[PlyCount "66"]
[EventDate "1999.??.??"]

1. d4 d5 2. c4 c6 3. Nc3 Nf6 4. Nf3 dxc4 5. e3 b5 6. a4 b4 7. Na2 Ba6 8. Ne5 c5
9. Bxc4 Bxc4 10. Nxc4 Qd5 11. Qe2 Qxg2 12. Rf1 Nc6 13. dxc5 Nd7 14. Bd2 Nxc5
15. Bxb4 Nxb4 16. Nxb4 Rd8 17. Na5 Qxh2 18. Qb5+ Rd7 19. Qxc5 Qb8 20. Nac6 Qc7
21. Nd5 Rxd5 22. Qxd5 e6 23. Qb5 a6 24. Qb8+ Qxb8 25. Nxb8 Bd6 26. Nxa6 Ke7 27.
Ke2 Rc8 28. Rac1 Rxc1 29. Rxc1 h6 30. b4 e5 31. b5 Ke6 32. b6 Kf6 33. b7 33...
Bb8 {Hossa resigns} 1-0

[Event "ICS Rated blitz match"]
[Site "204.178.125.65"]
[Date "1999.10.05"]
[Round "?"]
[White "dk2"]
[Black "Hossa"]
[Result "0-1"]
[WhiteElo "2314"]
[BlackElo "2473"]
[PlyCount "90"]
[EventDate "1999.??.??"]

1. e4 e5 2. Nf3 Nc6 3. Bb5 a6 4. Ba4 Nf6 5. O-O Be7 6. Bxc6 dxc6 7. d3 Bg4 8.
Be3 Nd7 9. Nc3 O-O 10. h3 Bh5 11. g4 Bg6 12. Rb1 b6 13. Kh1 Rc8 14. Qe2 Kh8 15.
b4 Bd6 16. Rg1 Qe7 17. a3 Rcd8 18. g5 Qe6 19. Rg3 f5 20. gxf6 Nxf6 21. Ng5 Qd7
22. Rbg1 Bh5 23. Nf3 Rf7 24. Qd1 Rdf8 25. Qf1 Nxe4 26. dxe4 Bxf3+ 27. Kh2 Be7
28. Qxa6 Bh4 29. Qd3 Bxg3+ 30. Kxg3 Qxd3 31. cxd3 Rd7 32. Rc1 Rxd3 33. Kh4 h6
34. Kg3 g5 35. h4 gxh4+ 36. Kxh4 Kh7 37. a4 Rd7 38. a5 c5 39. bxc5 bxa5 40. c6
Rg7 41. Ra1 Rg4+ 42. Kh3 Rfg8 43. Rg1 Rxg1 44. Bg5 R8xg5 45. Kh2 45... Rh1# {
dk2 checkmated} 0-1

[Event "ICS Rated blitz match"]
[Site "204.178.125.65"]
[Date "1999.10.05"]
[Round "?"]
[White "dk2"]
[Black "Hossa"]
[Result "0-1"]
[WhiteElo "2327"]
[BlackElo "2451"]
[PlyCount "88"]
[EventDate "1999.??.??"]

1. d4 Nf6 2. Nf3 e6 3. c4 b6 4. e3 Bb7 5. Bd3 Bb4+ 6. Bd2 Bxf3 7. Qxf3 Nc6 8.
O-O O-O 9. Kh1 Bxd2 10. Nxd2 e5 11. d5 Ne7 12. Qg3 d6 13. f4 exf4 14. Rxf4 Ng6
15. Rd4 Qe7 16. Rf1 Rae8 17. Ne4 Nxe4 18. Rxe4 Qd7 19. Rd4 Qe7 20. Rf3 Ne5 21.
Rff4 Nxd3 22. Rxd3 Qe5 23. Qf2 Re7 24. e4 Rfe8 25. Rg3 Qxf4 26. Qxf4 Rxe4 27.
Rxg7+ Kxg7 28. Qg5+ Kf8 29. Qh6+ Kg8 30. Qg5+ Kh8 31. Qf6+ Kg8 32. Qxf7+ Kxf7
33. h3 Rxc4 34. Kh2 Rc2 35. Kg3 Rg8+ 36. Kf4 Rcxg2 37. a4 Re8 38. b4 Rg6 39. a5
Rf6+ 40. Kg3 Rg8+ 41. Kh2 Rf2+ 42. Kh1 Rfg2 43. h4 R2g4 44. h5 44... Rh4# {
dk2 checkmated} 0-1

[Event "ICS Rated blitz match"]
[Site "204.178.125.65"]
[Date "1999.10.05"]
[Round "?"]
[White "dk2"]
[Black "Hossa"]
[Result "0-1"]
[WhiteElo "2306"]
[BlackElo "2472"]
[PlyCount "132"]
[EventDate "1999.??.??"]

1. e4 c5 2. Nf3 e6 3. d4 cxd4 4. Nxd4 a6 5. Bd3 Qc7 6. Nc3 Bd6 7. Qg4 Be5 8.
Be3 Nf6 9. Qg5 h6 10. Qh4 g5 11. Bxg5 Nxe4 12. Bd8 Qxd8 13. Qxe4 Nc6 14. Nxc6
Bxc3+ 15. bxc3 bxc6 16. Rb1 Qa5 17. Qc4 Qe5+ 18. Kf1 O-O 19. Qg4+ Qg7 20. Qxg7+
Kxg7 21. h4 d5 22. Rb6 c5 23. c4 d4 24. Rh3 Bd7 25. Be4 Rfb8 26. Rbb3 Rxb3 27.
axb3 Rb8 28. Rg3+ Kf6 29. Rf3+ Ke7 30. g4 a5 31. Ke2 f6 32. Rg3 a4 33. bxa4
Bxa4 34. Rf3 Rb2 35. Kd2 Rb4 36. Kd3 Rb1 37. Kd2 Rg1 38. Rg3 Rxg3 39. fxg3 Kd6
40. Kd3 Ke5 41. Bf3 Be8 42. Be4 f5 43. gxf5 exf5 44. Bf3 f4 45. gxf4+ Kxf4 46.
Be4 Bf7 47. Bh7 h5 48. c3 dxc3 49. Kxc3 Kg3 50. Be4 Kxh4 51. Bd5 Be8 52. Kc2
Kg3 53. Kd3 Bg6+ 54. Kc3 h4 55. Kb3 h3 56. Bh1 Kf4 57. Ka4 Be4 58. Bxe4 Kxe4
59. Kb5 h2 60. Kxc5 h1=Q 61. Kb6 Kd4 62. Kc7 Kc5 63. Kd8 Qh7 64. Ke8 Kd6 65.
Kf8 Ke6 66. c5 66... Qh8# {dk2 checkmated} 0-1

[Event "ICS Rated blitz match"]
[Site "204.178.125.65"]
[Date "1999.09.20"]
[Round "?"]
[White "egya"]
[Black "Hossa"]
[Result "0-1"]
[WhiteElo "2100"]
[BlackElo "2386"]
[PlyCount "52"]
[EventDate "1999.??.??"]

1. b3 e5 2. Bb2 Nc6 3. e3 d5 4. Bb5 Bd6 5. f4 f6 6. Nf3 exf4 7. O-O fxe3 8. Re1
Nge7 9. Rxe3 Bf4 10. Re1 O-O 11. Nc3 Bg4 12. Ne2 Bxf3 13. gxf3 Qd6 14. h3 Bg3
15. Bxc6 Bxe1 16. Bxb7 Qb6+ 17. Kh1 Qxb7 18. Qxe1 Rae8 19. Nf4 Ng6 20. Qg3 Nxf4
21. Qxf4 Qc8 22. Kh2 Re2+ 23. Kg3 Rfe8 24. Bc3 c5 25. Qd6 Qf5 26. Qf4 26...
Rg2+ {egya resigns} 0-1

[Event "ICS Rated blitz match"]
[Site "204.178.125.65"]
[Date "1999.08.27"]
[Round "?"]
[White "elvikingo"]
[Black "Hossa"]
[Result "0-1"]
[WhiteElo "2059"]
[BlackElo "2393"]
[PlyCount "44"]
[EventDate "1999.??.??"]

1. e4 e5 2. Nf3 d6 3. Nc3 Nd7 4. Bc4 Be7 5. O-O Bf6 6. d3 Ne7 7. a4 Nb6 8. Ba2
Bg4 9. h3 Bxf3 10. Qxf3 O-O 11. Qh5 Qe8 12. f4 exf4 13. Bxf4 Bd4+ 14. Kh1 Bxc3
15. bxc3 Nxa4 16. Bd2 Nc5 17. Rxf7 Rxf7 18. Rf1 d5 19. Bxd5 Nxd5 20. Qxd5 c6
21. Qc4 Qe6 22. Rxf7 22... Qxc4 {elvikingo resigns} 0-1

[Event "ICS Rated blitz match"]
[Site "204.178.125.65"]
[Date "1999.08.27"]
[Round "?"]
[White "elvikingo"]
[Black "Hossa"]
[Result "1/2-1/2"]
[WhiteElo "2085"]
[BlackElo "2367"]
[PlyCount "110"]
[EventDate "1999.??.??"]

1. e4 e5 2. Nc3 Bc5 3. Nf3 Nc6 4. Bc4 f6 5. d3 Nge7 6. O-O d6 7. a3 Bg4 8. h3
Bh5 9. g4 Bf7 10. Nh4 Bxc4 11. dxc4 O-O 12. Nd5 Rc8 13. c3 Qe8 14. Nf5 Nxf5 15.
gxf5 Qf7 16. Kh2 Rce8 17. Rg1 Bxf2 18. Rg2 Bh4 19. Bh6 Bg5 20. Bxg5 fxg5 21.
Rxg5 Kh8 22. Qg4 Rd8 23. Rg1 Rd7 24. Qh4 Qg8 25. f6 Rff7 26. fxg7+ Rxg7 27. Nf6
Rxg5 28. Rxg5 Qf7 29. Nxd7 Qxd7 30. Qg4 Qxg4 31. hxg4 Na5 32. Rf5 Nxc4 33. Rf7
Nxb2 34. Rxc7 Na4 35. c4 Nc5 36. Kg3 Nxe4+ 37. Kf3 Nc5 38. g5 Kg8 39. Kg4 a6
40. Kf5 a5 41. Kf6 Ne4+ 42. Ke6 a4 43. Kd5 Nxg5 44. Kxd6 b6 45. Kxe5 Nf3+ 46.
Kf4 Nd2 47. c5 bxc5 48. Rxc5 Nb1 49. Ra5 Nxa3 50. Rxa4 Nb5 51. Rb4 Nc3 52. Rb7
h5 53. Kg5 Nd5 54. Kxh5 Nf6+ 55. Kg6 55... Ne8 {
elvikingo ran out of time and Hossa has no material to mate} 1/2-1/2

[Event "ICS Rated blitz match"]
[Site "204.178.125.65"]
[Date "1999.08.27"]
[Round "?"]
[White "elvikingo"]
[Black "Hossa"]
[Result "0-1"]
[WhiteElo "2090"]
[BlackElo "2362"]
[PlyCount "52"]
[EventDate "1999.??.??"]

1. e4 e5 2. Nf3 d6 3. d4 Nf6 4. dxe5 Nxe4 5. exd6 Bxd6 6. Bd3 Nc5 7. O-O Nxd3
8. Qxd3 O-O 9. Nc3 Nd7 10. Ng5 Nf6 11. Nge4 Nxe4 12. Qxe4 Re8 13. Qf3 Qh4 14.
g3 Qh3 15. Bf4 Bxf4 16. Qxf4 c6 17. Rfe1 Bf5 18. Rxe8+ Rxe8 19. Qb4 b6 20. Qa4
b5 21. Qxa7 b4 22. Ne2 Rxe2 23. Qa8+ Bc8 24. Rd1 h6 25. Rd8+ Kh7 26. Qxc8 26...
Re1# {elvikingo checkmated} 0-1